In quale squadra NON ha giocato? - Quiz n°1 - Statistics

Statistiche generali
  • Questo quiz è stato fatto 12 volte
  • Il punteggio medio è 5 su 6
Statistiche sulle risposte
Domanda Risposta % Corretto
Nicolas Pépé Tottenham
100%
Ruben Loftus-Cheek Wolverhampton
100%
Yannick Carrasco Anderlecht
80%
André Schürrle Bayern Monaco
80%
Perr Schuurs PSV
80%
Nikola Kalinić Dinamo Zagabria
20%
Nessun quiz corrispondente trovato
Distribuzione punteggi
Percentuale di utenti per punteggio
Percentile per numero di risposta
I tuoi punteggi nel tempo
Non hai fatto questo quiz